[Event "VIE-ch U17"]
[Site "Da Lat"]
[Date "2013.07.??"]
[Round "1"]
[White "Nguyen, Duy Trung"]
[Black "Dao, Quoc Bao"]
[Result "1-0"]
[WhiteElo "2008"]
[BlackElo "1990"]
[PlyCount "89"]
[EventDate "2013.07.13"]
[EventType "swiss"]
[EventRounds "9"]
[EventCountry "VIE"]
[SourceTitle "EXT 2014"]
[Source "ChessBase"]
[SourceDate "2013.11.20"]
[SourceVersion "1"]
[SourceVersionDate "2013.11.20"]
[SourceQuality "1"]

1. e4 c5 2. Nf3 d6 3. d4 cxd4 4. Nxd4 Nc6 5. Nc3 a6 6. Be3 e6 7. Qd2 Nf6 8. Be2 Be7 9. f3 d5 10. exd5 Nxd5 11. Nxc6 bxc6 12. Nxd5 cxd5 13. 0-0 0-0 14. Rfd1 Qc7 15. Rac1 Bc5 16. Bxc5 Qxc5+ 17. Qd4 Qa5 18. b4 Qa4 19. Qb2 Bd7 20. Rd4 Bb5 21. c4 Bxc4 22. Bxc4 dxc4 23. Rcxc4 g6 24. Qc2 Qb5 25. a4 Qb6 26. Qf2 Rac8 27. h3 Rxc4 28. Rxc4 Qd6 29. Qd4 Qb8 30. Qc5 Qg3 31. Qc7 Qg5 32. Qc5 Qg3 33. Qb6 Kg7 34. Qf2 Qg5 35. Rc5 Qf4 36. Qb2+ Kg8 37. Qc3 Qd6 38. b5 axb5 39. axb5 Rd8 40. Rc8 Kf8 41. Rxd8+ Qxd8 42. Qc5+ Kg7 43. b6 Qd1+ 44. Kh2 Qb1 45. Qc7 1-0

[Event "VIE-ch U17"]
[Site "Da Lat"]
[Date "2013.07.??"]
[Round "8"]
[White "Nguyen, Duy Trung"]
[Black "Nguyen Huynh Trong, Hai"]
[Result "1/2-1/2"]
[WhiteElo "2008"]
[BlackElo "1891"]
[PlyCount "81"]
[EventDate "2013.07.13"]
[EventType "swiss"]
[EventRounds "9"]
[EventCountry "VIE"]
[SourceTitle "EXT 2014"]
[Source "ChessBase"]
[SourceDate "2013.11.20"]
[SourceVersion "1"]
[SourceVersionDate "2013.11.20"]
[SourceQuality "1"]

1. e4 c5 2. Nf3 d6 3. d4 cxd4 4. Nxd4 Nf6 5. Nc3 a6 6. Be2 e5 7. Nb3 Be7 8. 0-0 0-0 9. Be3 Be6 10. f3 Nbd7 11. Nd5 Nxd5 12. exd5 Bf5 13. c4 Rc8 14. Rc1 Bg5 15. Qd2 Bxe3+ 16. Qxe3 Bg6 17. Qf2 Qe7 18. Rfd1 Rc7 19. c5 Rfc8 20. c6 bxc6 21. Bxa6 Ra8 22. Rxc6 Rxc6 23. dxc6 Rxa6 24. cxd7 Bf5 25. Nc5 Rxa2 26. Qd2 Bxd7 27. Qxd6 Qxd6 28. Rxd6 Be8 29. Rb6 Ra5 30. b4 Rb5 31. Rxb5 Bxb5 32. Kf2 f5 33. Ke3 Kf7 34. f4 exf4+ 35. Kxf4 Kf6 36. h4 g6 37. Nb3 h6 38. g3 g5+ 39. hxg5+ hxg5+ 40. Ke3 Ke5 41. Nd4 1/2-1/2

[Event "ASEAN-ch U18 14th"]
[Site "Chiangmai"]
[Date "2013.06.12"]
[Round "7"]
[White "Bui, Trong Hao"]
[Black "Nguyen, Duy Trung"]
[Result "1-0"]
[WhiteElo "2130"]
[BlackElo "2027"]
[PlyCount "83"]
[EventDate "2013.06.08"]
[EventType "swiss"]
[EventRounds "9"]
[EventCountry "THA"]
[SourceTitle "EXT 2014"]
[Source "ChessBase"]
[SourceDate "2013.11.20"]
[SourceVersion "1"]
[SourceVersionDate "2013.11.20"]
[SourceQuality "1"]

1. d4 Nf6 2. c4 e6 3. Nf3 b6 4. g3 Bb7 5. Bg2 c5 6. d5 d6 7. Nc3 Be7 8. 0-0 0-0 9. e4 e5 10. Ne1 Ne8 11. Nd3 Nd7 12. b3 Bc8 13. Qe2 a6 14. a4 Rb8 15. Bd2 Nc7 16. Nd1 f5 17. exf5 Rxf5 18. Bc3 Rf8 19. f4 exf4 20. Nxf4 Bf6 21. Bxf6 Nxf6 22. Ne3 b5 23. axb5 axb5 24. Qd3 bxc4 25. bxc4 Re8 26. Rfe1 Na6 27. Ne6 Bxe6 28. dxe6 Nb4 29. Qf5 g6 30. Qh3 Qe7 31. Bd5 Nfxd5 32. cxd5 Nd3 33. Rf1 Qg5 34. Ng4 Re7 35. Qh4 Qxh4 36. gxh4 Rb4 37. Ra8+ Kg7 38. Nf6 Nf4 39. Ng8 Reb7 40. e7 Nh3+ 41. Kh1 Rg4 42. Rf7+ 1-0

[Event "ASEAN-ch U16 13th"]
[Site "Hue"]
[Date "2012.06.19"]
[Round "9"]
[White "Che, Quoc Huu"]
[Black "Nguyen, Duy Trung"]
[Result "0-1"]
[WhiteElo "1962"]
[BlackElo "2037"]
[PlyCount "54"]
[EventDate "2012.06.11"]
[EventType "swiss"]
[EventRounds "9"]
[EventCountry "VIE"]
[SourceTitle "CBM 149 Extra"]
[Source "ChessBase"]
[SourceDate "2012.08.24"]
[SourceVersion "1"]
[SourceVersionDate "2012.08.24"]
[SourceQuality "1"]

1. e4 c5 2. c4 Nc6 3. Nf3 e5 4. Nc3 g6 5. g3 Bg7 6. Bh3 d6 7. Bxc8 Rxc8 8. d3 Nge7 9. g4 0-0 10. Rg1 Qd7 11. h4 Nd4 12. h5 b5 13. Nxd4 exd4 14. Nxb5 d5 15. Bf4 dxe4 16. dxe4 a6 17. Na3 d3 18. Qd2 Nc6 19. 0-0-0 Nb4 20. Kb1 Qd4 21. Qc1 Rb8 22. Bxb8 Rxb8 23. Ka1 Nxa2 24. Nb5 Rxb5 25. Kxa2 Rxb2+ 26. Ka3 d2 27. Rxd2 Rxd2 0-1

[Event "ASEAN-ch U16 13th"]
[Site "Hue"]
[Date "2012.06.18"]
[Round "8"]
[White "Nguyen, Duy Trung"]
[Black "Literatus, Austin Jacob"]
[Result "0-1"]
[WhiteElo "2037"]
[BlackElo "1978"]
[PlyCount "78"]
[EventDate "2012.06.11"]
[EventType "swiss"]
[EventRounds "9"]
[EventCountry "VIE"]
[SourceTitle "CBM 149 Extra"]
[Source "ChessBase"]
[SourceDate "2012.08.24"]
[SourceVersion "1"]
[SourceVersionDate "2012.08.24"]
[SourceQuality "1"]

1. c4 g6 2. Nc3 Bg7 3. g3 d6 4. Bg2 f5 5. f4 Nf6 6. d3 Nc6 7. Nf3 e5 8. 0-0 0-0 9. e4 fxe4 10. dxe4 Bg4 11. h3 Bxf3 12. Bxf3 Nd4 13. Bg2 Nh5 14. Qd3 exf4 15. Bxf4 Be5 16. Bxe5 dxe5 17. Nd5 Nxg3 18. Rxf8+ Qxf8 19. Kh2 Nh5 20. Rf1 Qg7 21. Bf3 Nf4 22. Qd2 Rf8 23. Bh1 c6 24. Nc3 Nfe6 25. Qe1 Rxf1 26. Qxf1 Qf8 27. Qxf8+ Kxf8 28. Kg3 Ke7 29. Bg2 Nf4 30. Bf1 Kd6 31. Nd1 Nde6 32. b4 b6 33. h4 Nh5+ 34. Kf2 Nf6 35. Bg2 a6 36. a4 Nf4 37. Bf3 Nd3+ 38. Ke3 Nxb4 39. Kd2 a5 0-1

[Event "ASEAN-ch U16 13th"]
[Site "Hue"]
[Date "2012.06.12"]
[Round "2"]
[White "Nguyen, Duy Trung"]
[Black "Le, Nhat Minh"]
[Result "1/2-1/2"]
[WhiteElo "2037"]
[BlackElo "1911"]
[PlyCount "71"]
[EventDate "2012.06.11"]
[EventType "swiss"]
[EventRounds "9"]
[EventCountry "VIE"]
[SourceTitle "CBM 149 Extra"]
[Source "ChessBase"]
[SourceDate "2012.08.24"]
[SourceVersion "1"]
[SourceVersionDate "2012.08.24"]
[SourceQuality "1"]

1. c4 e5 2. Nc3 Nc6 3. d3 g6 4. g3 Bg7 5. Bg2 Nge7 6. e4 0-0 7. Nge2 d6 8. 0-0 Be6 9. f4 Qd7 10. Nd5 Rae8 11. fxe5 dxe5 12. Bg5 f5 13. Nec3 h6 14. Be3 Nd4 15. Qd2 Kh7 16. Nxe7 Rxe7 17. Nd5 Ree8 18. Rae1 c6 19. Bxd4 exd4 20. Nf4 Be5 21. Nxe6 Qxe6 22. Bh3 Qd6 23. exf5 g5 24. Re4 Re7 25. Rfe1 Rfe8 26. Qf2 Kg7 27. Bg4 Bf6 28. Re6 Rxe6 29. fxe6 Rf8 30. Qf5 Bd8 31. Qe4 Rf6 32. Rf1 Rxf1+ 33. Kxf1 Qf8+ 34. Kg2 Qb4 35. Bh5 Qxb2+ 36. Kh3 1/2-1/2